000 00359pab a2200145 454500
008 180718b2003 xxu||||| |||| 00| 0 eng d
100 _aSingh, B.D.
245 _aHuman dimensions of disinvestment
260 _c2003
300 _ap.344-56.
362 _aJan
650 _aPublic sector
773 _aIndian Journal of Industrial Relations
909 _a56126
999 _c56126
_d56126